|
|
|
|
| LEADER |
00586nam a22001817a 4500 |
| 020 |
|
|
|a 978-81-264-3007-9
|
| 082 |
|
|
|a M 324.209 2
|b BAL/R
|
| 100 |
|
|
|a Balakrishnapillai R
|
| 245 |
|
|
|a R Balakrishnapillayude athmakatha
|
| 260 |
|
|
|a Kottayam
|b D C Books
|
| 300 |
|
|
|a 416p.
|
| 650 |
|
|
|a Biography R Balakrishnapillai
|
| 650 |
|
|
|a Biography Politician
|
| 650 |
|
|
|a Biography
|
| 650 |
|
|
|a Social Sciences
|
| 942 |
|
|
|c BK
|
| 999 |
|
|
|c 52922
|d 52922
|
| 952 |
|
|
|0 0
|1 0
|4 0
|6 M_294_209200000000000_BAL_R
|7 0
|9 76698
|a SSUS
|b SSUS
|c STACKS
|d 2015-05-15
|g 250.00
|o M 294.2092 BAL/R
|p 075470
|r 2015-05-15
|w 2015-05-15
|y BK
|